000 00238nam a2200097Ia 4500
001 853404
005 20250826174532.0
008 250824s9999 xx 000 0 und d
245 0 _aİKİ SÖZ
_cKAHRAMAN TAZEOĞLU
260 _bDESTEK YAYINLARI
999 _c853404
_d853404